<?xml version="1.0" encoding="UTF-8"?>
<record
    xmlns:xsi="http://www.w3.org/2001/XMLSchema-instance"
    xsi:schemaLocation="http://www.loc.gov/MARC21/slim http://www.loc.gov/standards/marcxml/schema/MARC21slim.xsd"
    xmlns="http://www.loc.gov/MARC21/slim">

  <leader>00332nam a2200145Ia 4500</leader>
  <controlfield tag="003">OSt</controlfield>
  <controlfield tag="005">20240311120413.0</controlfield>
  <controlfield tag="008">170524s9999    xx            000 0 und d</controlfield>
  <datafield tag="020" ind1=" " ind2=" ">
    <subfield code="a">NIL</subfield>
  </datafield>
  <datafield tag="040" ind1=" " ind2=" ">
    <subfield code="c">IIMTU MEERUT</subfield>
  </datafield>
  <datafield tag="100" ind1=" " ind2=" ">
    <subfield code="a">KUSHWAH -P.S.</subfield>
  </datafield>
  <datafield tag="245" ind1=" " ind2="0">
    <subfield code="a">ANUPARUKAT BHOUTIKI  (ENGLISH)</subfield>
  </datafield>
  <datafield tag="260" ind1=" " ind2=" ">
    <subfield code="b">BHARAT BHARATI</subfield>
  </datafield>
  <datafield tag="942" ind1=" " ind2=" ">
    <subfield code="2">ddc</subfield>
    <subfield code="c">02</subfield>
  </datafield>
  <datafield tag="999" ind1=" " ind2=" ">
    <subfield code="c">7611</subfield>
    <subfield code="d">7611</subfield>
  </datafield>
  <datafield tag="952" ind1=" " ind2=" ">
    <subfield code="0">0</subfield>
    <subfield code="1">0</subfield>
    <subfield code="2">ddc</subfield>
    <subfield code="4">0</subfield>
    <subfield code="7">0</subfield>
    <subfield code="a">01</subfield>
    <subfield code="b">01</subfield>
    <subfield code="d">2017-05-29</subfield>
    <subfield code="l">3</subfield>
    <subfield code="p">01-B-80086</subfield>
    <subfield code="r">2025-02-08</subfield>
    <subfield code="s">2018-10-23</subfield>
    <subfield code="u">Physics</subfield>
    <subfield code="w">2017-05-29</subfield>
    <subfield code="y">15</subfield>
    <subfield code="z">Receipt no. 159971, Date- 08/02/2025/ , Book cost paid, Rs. 1615/- (80086, 123904, 82019, 123752, 123902)</subfield>
  </datafield>
  <datafield tag="952" ind1=" " ind2=" ">
    <subfield code="0">0</subfield>
    <subfield code="1">0</subfield>
    <subfield code="2">ddc</subfield>
    <subfield code="4">0</subfield>
    <subfield code="7">0</subfield>
    <subfield code="a">01</subfield>
    <subfield code="b">01</subfield>
    <subfield code="d">2017-05-29</subfield>
    <subfield code="p">01-B-80087</subfield>
    <subfield code="r">2017-05-29</subfield>
    <subfield code="u">Physics</subfield>
    <subfield code="w">2017-05-29</subfield>
    <subfield code="y">19</subfield>
    <subfield code="z">IN POLY SAMS ISSUE DATA</subfield>
  </datafield>
  <datafield tag="952" ind1=" " ind2=" ">
    <subfield code="0">0</subfield>
    <subfield code="1">0</subfield>
    <subfield code="2">ddc</subfield>
    <subfield code="4">0</subfield>
    <subfield code="7">0</subfield>
    <subfield code="a">01</subfield>
    <subfield code="b">01</subfield>
    <subfield code="d">2017-05-29</subfield>
    <subfield code="l">3</subfield>
    <subfield code="m">1</subfield>
    <subfield code="p">01-B-80088</subfield>
    <subfield code="r">2022-03-11</subfield>
    <subfield code="s">2022-01-18</subfield>
    <subfield code="u">Physics</subfield>
    <subfield code="w">2017-05-29</subfield>
    <subfield code="y">02</subfield>
  </datafield>
  <datafield tag="952" ind1=" " ind2=" ">
    <subfield code="0">0</subfield>
    <subfield code="1">0</subfield>
    <subfield code="2">ddc</subfield>
    <subfield code="4">0</subfield>
    <subfield code="7">0</subfield>
    <subfield code="a">01</subfield>
    <subfield code="b">01</subfield>
    <subfield code="d">2017-05-29</subfield>
    <subfield code="p">01-B-80089</subfield>
    <subfield code="r">2017-05-29</subfield>
    <subfield code="u">Physics</subfield>
    <subfield code="w">2017-05-29</subfield>
    <subfield code="y">19</subfield>
    <subfield code="z">IN POLY SAMS ISSUE DATA</subfield>
  </datafield>
  <datafield tag="952" ind1=" " ind2=" ">
    <subfield code="0">0</subfield>
    <subfield code="1">0</subfield>
    <subfield code="2">ddc</subfield>
    <subfield code="4">0</subfield>
    <subfield code="7">0</subfield>
    <subfield code="a">01</subfield>
    <subfield code="b">01</subfield>
    <subfield code="d">2017-05-29</subfield>
    <subfield code="l">7</subfield>
    <subfield code="m">1</subfield>
    <subfield code="p">01-B-80090</subfield>
    <subfield code="r">2025-02-05</subfield>
    <subfield code="s">2024-09-10</subfield>
    <subfield code="u">Physics</subfield>
    <subfield code="w">2017-05-29</subfield>
    <subfield code="y">02</subfield>
  </datafield>
  <datafield tag="952" ind1=" " ind2=" ">
    <subfield code="0">0</subfield>
    <subfield code="1">0</subfield>
    <subfield code="2">ddc</subfield>
    <subfield code="4">0</subfield>
    <subfield code="7">0</subfield>
    <subfield code="a">01</subfield>
    <subfield code="b">01</subfield>
    <subfield code="d">2017-05-29</subfield>
    <subfield code="l">10</subfield>
    <subfield code="p">01-B-80091</subfield>
    <subfield code="r">2025-02-18</subfield>
    <subfield code="s">2024-09-09</subfield>
    <subfield code="u">Physics</subfield>
    <subfield code="w">2017-05-29</subfield>
    <subfield code="y">02</subfield>
  </datafield>
  <datafield tag="952" ind1=" " ind2=" ">
    <subfield code="0">0</subfield>
    <subfield code="1">0</subfield>
    <subfield code="2">ddc</subfield>
    <subfield code="4">0</subfield>
    <subfield code="7">0</subfield>
    <subfield code="a">01</subfield>
    <subfield code="b">01</subfield>
    <subfield code="d">2017-05-29</subfield>
    <subfield code="l">3</subfield>
    <subfield code="p">01-B-80092</subfield>
    <subfield code="q">2019-01-15</subfield>
    <subfield code="r">2018-10-15</subfield>
    <subfield code="s">2018-10-15</subfield>
    <subfield code="u">Physics</subfield>
    <subfield code="w">2017-05-29</subfield>
    <subfield code="y">02</subfield>
  </datafield>
  <datafield tag="952" ind1=" " ind2=" ">
    <subfield code="0">0</subfield>
    <subfield code="1">0</subfield>
    <subfield code="2">ddc</subfield>
    <subfield code="4">0</subfield>
    <subfield code="7">0</subfield>
    <subfield code="a">01</subfield>
    <subfield code="b">01</subfield>
    <subfield code="d">2017-05-29</subfield>
    <subfield code="l">4</subfield>
    <subfield code="m">1</subfield>
    <subfield code="p">01-B-80093</subfield>
    <subfield code="r">2025-02-05</subfield>
    <subfield code="s">2024-09-04</subfield>
    <subfield code="u">Physics</subfield>
    <subfield code="w">2017-05-29</subfield>
    <subfield code="y">02</subfield>
  </datafield>
  <datafield tag="952" ind1=" " ind2=" ">
    <subfield code="0">0</subfield>
    <subfield code="1">0</subfield>
    <subfield code="2">ddc</subfield>
    <subfield code="4">0</subfield>
    <subfield code="7">0</subfield>
    <subfield code="a">01</subfield>
    <subfield code="b">01</subfield>
    <subfield code="d">2017-05-29</subfield>
    <subfield code="l">11</subfield>
    <subfield code="m">1</subfield>
    <subfield code="p">01-B-80094</subfield>
    <subfield code="r">2025-06-21</subfield>
    <subfield code="s">2025-02-25</subfield>
    <subfield code="u">Physics</subfield>
    <subfield code="w">2017-05-29</subfield>
    <subfield code="y">02</subfield>
  </datafield>
  <datafield tag="952" ind1=" " ind2=" ">
    <subfield code="0">0</subfield>
    <subfield code="1">0</subfield>
    <subfield code="2">ddc</subfield>
    <subfield code="4">0</subfield>
    <subfield code="7">0</subfield>
    <subfield code="a">01</subfield>
    <subfield code="b">01</subfield>
    <subfield code="d">2017-05-29</subfield>
    <subfield code="l">4</subfield>
    <subfield code="p">01-B-80095</subfield>
    <subfield code="r">2024-02-09</subfield>
    <subfield code="s">2023-09-27</subfield>
    <subfield code="u">Physics</subfield>
    <subfield code="w">2017-05-29</subfield>
    <subfield code="y">02</subfield>
  </datafield>
</record>
